Construction Act changes (Record no. 112482)

MARC details
000 -LEADER
fixed length control field 01463cad a22002535a 4500
001 - CONTROL NUMBER
control field L153352
008 - FIXED-LENGTH DATA ELEMENTS--GENERAL INFORMATION
fixed length control field 110715s2011 xxk f 000 0 eng d
035 ## - SYSTEM CONTROL NUMBER
System control number (Sirsi) u153352
041 0# - LANGUAGE CODE
Language code of text/sound track or separate title eng
110 2# - MAIN ENTRY--CORPORATE NAME
Corporate name or jurisdiction name as entry element CMS Cameron McKenna
9 (RLIN) 5874
245 00 - TITLE STATEMENT
Title Construction Act changes
Remainder of title exclusion order for PFI subcontracts, a missed opportunity?
Medium [electronic resource]
260 ## - PUBLICATION, DISTRIBUTION, ETC.
Place of publication, distribution, etc. London
Name of publisher, distributor, etc. CMS Cameron McKenna LLP
Date of publication, distribution, etc. 2011
490 #0 - SERIES STATEMENT
Series statement Law-Now Article
520 ## - SUMMARY, ETC.
Summary, etc. Looks at the changes that Parliament enacted in 2009 to Part II of the Housing Grants, Construction and Regeneration Act 1996 ("the Construction Act"). The changes will apply to construction contracts (as defined) entered into from 1 October 2011 (England and Wales) and 1 November 2011 (Scotland). The effects on PFI and PPP arrangements.
590 ## - LOCAL NOTE (RLIN)
Local note KA NTK
650 24 - SUBJECT ADDED ENTRY--TOPICAL TERM
Topical term or geographic name entry element LOCAL DEMOCRACY, ECONOMIC DEVELOPMENT AND CONSTRUCTION ACT 2009
650 24 - SUBJECT ADDED ENTRY--TOPICAL TERM
Topical term or geographic name entry element HOUSING GRANTS, CONSTRUCTION AND REGENERATION ACT 1996
651 #4 - SUBJECT ADDED ENTRY--GEOGRAPHIC NAME
Geographic name United Kingdom
Chronological subdivision
690 ## - LOCAL SUBJECT ADDED ENTRY--TOPICAL TERM (OCLC, RLIN)
Topical term or geographic name as entry element BUILT ENVIRONMENT-CONSTRUCTION MARKET
690 ## - LOCAL SUBJECT ADDED ENTRY--TOPICAL TERM (OCLC, RLIN)
Topical term or geographic name as entry element BUILT ENVIRONMENT-CONSTRUCTION MANAGEMENT-BUILDING CONTRACT ADMINISTRATION
690 ## - LOCAL SUBJECT ADDED ENTRY--TOPICAL TERM (OCLC, RLIN)
Topical term or geographic name as entry element MANAGEMENT-DISPUTE AVOIDANCE, MANAGEMENT AND RESOLUTION-DISPUTE MANAGEMENT AND RESOLUTION-ALTERNATIVE DISPUTE RESOLUTION-ADJUDICATION
856 40 - ELECTRONIC LOCATION AND ACCESS
Uniform Resource Identifier <a href="https://www.law-now.com/cmck/pdfs/nonsecured/ConstructionActExclusionOrder2011.pdf">https://www.law-now.com/cmck/pdfs/nonsecured/ConstructionActExclusionOrder2011.pdf</a>
Public note View this item free of charge at www.law-now.com
942 ## - ADDED ENTRY ELEMENTS (KOHA)
Suppress in OPAC 0
Holdings
Withdrawn status Lost status Source of classification or shelving scheme Damaged status Not for loan Home library Current library Shelving location Date acquired Total Checkouts Full call number Barcode Date last seen Copy number Price effective from Koha item type
    Dewey Decimal Classification     Virtual Virtual Online 15/07/2011   ONLINE PUBLICATION 153352-2001 06/08/2019 1 06/08/2019 Book